000 00700nam a2200241Ia 4500
003 OSt
005 20220918174341.0
006 a|||||r|||| 00| 0
007 ta
008 220917b |||||||| |||| 00| 0 eng d
024 _a11,738
037 _cTextual
040 _aARTS
_cARTS
_beng
041 _2eng
_aeng
082 _a/\y7, J9
100 _aWhiteman J H M
_950098
245 0 _aMystical life
_b An outline of its nature and teachings from the evidence of direct experience
260 _aLondon
_bFaber and faber
_c1959
650 _aSPIRITUALISM
700 _a Price H H
_950099
942 _h/\y7, J9
_cTEXL
_2CC
999 _c152825
_d152825